Zwycięzcy Ligi Europy UEFA/Pucharu UEFA - Statystyki

Ogólne statystyki
  • Ten quiz został rozwiązany 2 791 razy
  • Średni wynik to 27 z 47
Statystyki odpowiedzi
Sezon Zwycięzca % Poprawnych
2016/2017 Manchester United
88%
2005/2006 Sevilla FC
88%
2006/2007 Sevilla FC
88%
2013/2014 Sevilla FC
88%
2014/2015 Sevilla FC
88%
2015/2016 Sevilla FC
88%
2012/2013 Chelsea F.C.
84%
2009/2010 Atlético Madryt
78%
2011/2012 Atlético Madryt
78%
2017/2018 Atlético Madryt
78%
1984/1985 Real Madryt
77%
1985/1986 Real Madryt
77%
1972/1973 Liverpool F.C.
74%
1975/1976 Liverpool F.C.
74%
2000/2001 Liverpool F.C.
74%
1976/1977 Juventus F.C.
71%
1990/1991 Juventus F.C.
71%
1992/1993 Juventus F.C.
71%
1989/1990 Inter Mediolan
70%
1993/1994 Inter Mediolan
70%
1997/1998 Inter Mediolan
70%
1995/1996 Bayern Monachium
69%
2002/2003 FC Porto
69%
2010/2011 FC Porto
69%
1974/1975 Borussia Mönchengladbach
68%
1978/1979 Borussia Mönchengladbach
68%
1991/1992 AFC Ajax
64%
2003/2004 Valencia CF
53%
1988/1989 SSC Napoli
52%
1971/1972 Tottenham Hotspur
52%
1983/1984 Tottenham Hotspur
52%
1977/1978 PSV Eindhoven
46%
2007/2008 Zenit Petersburg
42%
2004/2005 CSKA Moskwa
39%
1996/1997 Schalke 04 Gelsenkirchen
38%
2008/2009 Szachtar Donieck
38%
1973/1974 Feyenoord
31%
2001/2002 Feyenoord
31%
1999/2000 Galatasaray SK
27%
1982/1983 RSC Anderlecht
26%
1994/1995 AC Parma
24%
1998/1999 AC Parma
24%
1987/1988 Bayer 04 Leverkusen
22%
1979/1980 Eintracht Frankfurt
18%
1981/1982 IFK Göteborg
7%
1986/1987 IFK Göteborg
7%
1980/1981 Ipswich Town F.C.
6%
Nie znaleziono quizów pasujących do podanych kryteriów
Rozkład punktacji
Procent ludzi z każdym wynikiem
Percentyl według liczby udzielonych odpowiedzi
Twoja historia wyników
Nie rozwiązałeś tego quizu